000 01766nam0a2200349 4500
001 RU\NLR\BIBL_A\016251633
005 20260407102653.0
035 _a(NLR Aleph) 016251633
090 _a12829352
_c12829352
100 _a20061002d1901 |||y0rusy50 ca
101 0 _arus
102 _aRU
105 _ad g|||| 1
200 1 _aЛоция Мурманского берега Северного Ледовитого океана от островов Вардэ до Белого моря
_eдополнения и поправки
_fИздание Главного гидрографического управления
210 _aС.-Петербург
_cтипография Морского Министерства
_d1901
215 _a[5], IV, 712 с.
_cкарт.
_d24
607 _aСеверный Ледовитый океан
_xЛоция
_92119305
_3RU\NLR\AUTH\661583545
607 _aБаренцево море
_xЛоция
_yМурманское побережье
_92356830
_3RU\NLR\AUTH\6601630253
607 _aМурманское побережье
_91421190
_3RU\NLR\AUTH\66599713
620 _aRU
_dСанкт-Петербург
686 _aО471.12,1(912.1)
700 1 _8rus
_7ca
_aМорозов
_bН. В.
_cгидрограф
_f1862-1925
_gНиколай Васильевич
_3RU\NLR\AUTH\77101432
_984358
712 0 1 _4475
_aРоссия
_bГлавное гидрографическое управление
_3RU\NLR\AUTH\889931037
_9357546
801 0 _aRU
_bNLR
_gpsbo
801 0 _aRU
_bRuMoRGB
_2psbo
801 1 _aRU
_bProSoft-M
_2rusmarc
801 2 _aRU
_bNLR
_c20140217
_2rusmarc
830 _aВзамен утраченного
852 _aNLR
_j20.50.1.28
942 _cBOOK
980 _aNB